LEADER 01117nam a2200217 i 4500 001 000000158377 003 CaOOAMICUS 005 20070405000000.0 008 070405s1996 it u000 u ita u 013 $a135740 040 $aSeMil$bita 100 1 $aPiano, Lino.$0(OLS)http://semarc/name/411 245 10$aSan Giuseppe Benedetto Cottolengo :$bFondatore della Piccola Casa della Divina Provvidenza sotto gli auspici di San Vincenzo de' Paoli (1786-1842) /$cLino Piano. 260 $aTorino :$bPiccola Casa della Divina Provvidenza,$c1996. 300 $aXIII, 847 p. :$bill. ;$c24 cm. 600 04$aCottolengo, Giuseppe Benedetto .$0(OLS)http://semarc/subject/5579 850 $aSeMil 852 $aSeMil$W1$xVenegono$y1$m3H V 34$j110028$B110028$CSeMilBibl$Z2$F122860 $81 961 $aOmaggio: Altro 996 $6245$aSan Giuseppe Benedetto Cottolengo :$bFondatore della Piccola Casa della Divina Provvidenza sotto gli auspici di San Vincenzo de' Paoli (1786-1842)$9(OLS)http://semarc/title/139790 996 $6260$aTorino :$bPiccola Casa della Divina Provvidenza$9(OLS)http://semarc/publisher/29905 LEADER 01567nam a2200313 i 4500 001 000000247453 003 CaOOAMICUS 005 20240813081632.0 008 160114s1753 it u000 u ita u 013 $a226358 026 $a75ve rele o-zj Ilpr (3) 1753 (R) 040 $aSeMil$bita 100 1 $aAcami, Domenico,$d<1640-1695>.$0(OLS)http://semarc/name/82889 245 10$aVita di San Vincenzo de Paoli, fondatore della Congregazione della Missione, e delle Serve de' Poveri, dette Figlie della Carità, scritta da Domenico Acami prete dell'oratorio di Roma. 260 $aIn Venezia :$bNella Stamperia Remondini,$c1753. 300 $a[8], 279, [1] p., [1] carta di tav. :$britr. ;$c4º. 500 $aRitratto calcogr. del Santo 500 $aVignetta xilogr. sul front. stampato in rosso e nero 500 $aTestate, iniz. e fin. xilogr. 500 $aSegn.: pg4 A-2M4 600 04$aDe Paoli, Vincenzo .$0(OLS)http://semarc/subject/2139 700 0 $aRemondini,$c.$0(OLS)http://semarc/name/3017 850 $aSeMil 852 $aSeMil$W1$xVenegono$y1$m3J III 33 FA$j197799$B197799$CSeMilBibl$Z2$F208812 $8I 941 1 $a10 961 $aRecupero: Mantegazza 996 $6245$aVita di San Vincenzo de Paoli, fondatore della Congregazione della Missione, e delle Serve de' Poveri, dette Figlie della Carità, scritta da Domenico Acami prete dell'oratorio di Roma$9(OLS)http://semarc/title/349445 996 $6260$aIn Venezia :$bNella Stamperia Remondini$9(OLS)http://semarc/publisher/31449